Groups of things de One Piece - Statistiques

Statistiques générales
  • Ce quiz a été pris 108 fois
  • Le résultat moyen est 85 sur 111
Statistiques - réponses
Indice Personnage % Correct
Equipage des Mugiwara Brook
100%
Equipage des Mugiwara Franky
100%
Equipage des Mugiwara | Membre du D | Supernova | Yonko Monkey D. Luffy
100%
Equipage des Mugiwara Nami
100%
Equipage des Mugiwara Nico Robin
100%
Equipage des Mugiwara | Supernova Roronoa Zoro
100%
Equipage des Mugiwara Vinsmoke Sanji
100%
Equipage des Mugiwara | Shichibukai (anciennement) Jinbe
98%
Membre du D | Shichibukai (anciennement) | Utilisateur de logia | Yonko Marshall D. Teach
98%
Equipage des Mugiwara Tony Tony Chopper
98%
Equipage des Mugiwara Usopp
98%
Shichibukai (anciennement) | Yonko Baggy
97%
Yonko Shanks
97%
Membre du D | Shichibukai (anciennement) | Supernova Trafalgar D. Water Law
97%
Yonko (anciennement) Charlotte Linlin
94%
Yonko (anciennement) Edward Newgate
94%
Supernova Eustass Kid
94%
Supernova Jewelry Bonney
94%
Yonko (anciennement) Kaido
94%
Supernova Basil Hawkins
92%
Supernova Killer
92%
Membre du D (anciennement) Trafalgar D. Water Lamy
92%
Supernova Capone Bege
91%
Shichibukai (anciennement) Don Quichotte Doflamingo
91%
Membre du D (anciennement) Portgas D. Rouge
91%
Supernova Scratchmen Apoo
91%
Armée Révolutionnaire (anciennement) | Shichibukai (anciennement) Bartholomew Kuma
89%
Shichibukai (anciennement) Boa Hancock
89%
Shichibukai (anciennement) | Utilisateur de logia Crocodile
89%
Shichibukai (anciennement) Dracule Mihawk
89%
Shichibukai (anciennement) Gecko Moria
89%
Armée Révolutionnaire | Membre du D Monkey D. Dragon
89%
Membre du D (anciennement) | Utilisateur de logia (anciennement) Portgas D. Ace
89%
Supernova Urouge
89%
Supernova X Drake
89%
Capitaine de la Flotte des Mugiwaras Bartolomeo
88%
Armée Révolutionnaire | Utilisateur de logia Sabo
88%
Capitaine de la Flotte des Mugiwaras Cavendish
86%
Utilisateur de logia Akainu
85%
Utilisateur de logia Aokiji
83%
Membre du D (anciennement) Gol D. Roger
83%
Capitaine de la Flotte des Mugiwaras Leo
83%
Shichibukai (anciennement) Edward Weevil
82%
Armée Révolutionnaire Emporio Ivankov
82%
Fourreau Rouge Kinemon
82%
Utilisateur de logia Kizaru
82%
Armée Révolutionnaire Koala
82%
Membre du D Monkey D. Garp
80%
Utilisateur de logia Caribou
77%
Capitaine de la Flotte des Mugiwaras Hajrudin
75%
Armée Révolutionnaire Inazuma
75%
Membre du D (anciennement) Nefertari D. Lilie
75%
Membre du D Nefertari D. Vivi
75%
Fourreau Rouge (anciennement) Kurozumi Kanjuro
74%
Utilisateur de logia Ener
72%
Membre du D Haguar D. Sauro
72%
Membre du D (anciennement) Nefertari D. Cobra
72%
Membre du D (anciennement) Rocks D. Xebec
72%
Utilisateur de logia Smoker
72%
Armée Révolutionnaire Morley
71%
Fourreau Rouge Raizo
71%
Armée Révolutionnaire Belo Betty
69%
Armée Révolutionnaire | Utilisateur de logia Karasu
69%
Utilisateur de logia (anciennement) Monet
69%
Fourreau Rouge Denjiro
68%
Fourreau Rouge (anciennement) Ashura Doji
66%
Armée Révolutionnaire Hack
66%
Fourreau Rouge Inuarashi
66%
Capitaine de la Flotte des Mugiwaras Ideo
65%
Fourreau Rouge Nekomamushi
65%
Utilisateur de logia Ryokugyu
65%
Capitaine de la Flotte des Mugiwaras Sai
65%
Fourreau Rouge Kawamatsu
63%
Satellite York
63%
Utilisateur de logia César Clown
60%
Armée Révolutionnaire Lindbergh
60%
Fourreau Rouge Kikunojo
58%
Satellite (anciennement) Pythagoras
57%
Satellite (anciennement) Atlas
55%
Satellite (anciennement) Edison
55%
Satellite Lilith
55%
Capitaine de la Flotte des Mugiwaras Orlumbus
52%
Satellite (anciennement) Shaka
52%
Membre du D (anciennement) Claw D. Clover
49%
Armée Révolutionnaire (anciennement) Ginney
37%
Shichibukai (anciennement) Hanafuda
32%
Armée Révolutionnaire Bunny Joe
18%
Armée Révolutionnaire Terry Gilteo
18%
Armée Révolutionnaire Ahiru
14%
Armée Révolutionnaire Ushiano
14%
Armée Révolutionnaire Gambo
12%
Armée Révolutionnaire Jiron
12%
Armée Révolutionnaire (anciennement) Gaburu
8%
Armée Révolutionnaire Moda
6%
Aucun quiz correspondant
Distribution des résultats
% des personnes avec chaque résultat
Percentile par nombre de réponses
Votre historique - résultats
Vous n’avez pas pris ce quiz